000
00252nam a2200097Ia 4500
001
761213
005
20250826165202.0
008
250824s9999 xx 000 0 und d
245
0
_a
YÜREĞİMDEN MEKTUPLAR
_c
ANNIE BRYANT
260
_b
BEYAZ BALİNA YAYINLARI
999
_c
761213
_d
761213